Statistiques concernant Pays dont le nom sous forme courte et longue est le même

Cliquez ici pour prendre le quiz!

Statistiques générales

  • Ce quiz a été pris 31 fois
  • Le résultat moyen est 5 sur 22

Statistiques - réponses

=% Correct
Canada
70%
Japon
47%
Nouvelle-Zélande
37%
Irlande
33%
Emirats arabes unis
30%
Belize
27%
Jamaïque
27%
Antigua-et-Barbuda
23%
Barbade
23%
Grenade
23%
Sainte-Lucie
23%
Saint-Vincent-et-les Grenadines
23%
Salomon
23%
Tuvalu
23%
Ukraine
20%
Roumanie
17%
Malaisie
13%
Bosnie-Herzégovine
10%
Burkina Faso
10%
Hongrie
10%
Mongolie
7%
Monténégro
7%

Distribution des résultats

Percentile par nombre de réponses

% des personnes avec chaque résultat

Votre développement - résultats

Vous n’avez pas pris ce quiz